| 000 | 00626 a2200229 4500 | ||
|---|---|---|---|
| 999 |
_c200129145 _d31789 |
||
| 001 | 200129145 | ||
| 003 | TR-AnTOB | ||
| 005 | 20231201100453.0 | ||
| 008 | 130506s2011 enk 000 1 | ||
| 020 | _a9780593065150 (pbk.) | ||
| 040 |
_aStDuBDS _beng _cStDuBDS _dUk _dTR-AnTOB _erda |
||
| 041 | _aeng | ||
| 050 |
_aPR6110.A256 _bD44 2011 |
||
| 090 | _aPR6110.A256 D44 2011 | ||
| 100 | 1 |
_aJackson, Douglas, _d1956- _988599 |
|
| 245 | 1 | 0 |
_aDefender of Rome / _cDouglas Jackson. |
| 264 | 1 |
_aLondon : _bBantam, _c2011. |
|
| 300 |
_a330 p. ; _c24 cm. |
||
| 650 | 0 |
_aEnglish fiction _95420 |
|
| 942 |
_cBK _2lcc |
||